书目信息 |
| 题名: |
高电压技术
|
|
| 作者: | 吴广宁 主编 | |
| 分册: | ||
| 出版信息: | 北京 机械工业出版社 2020.9 |
|
| 页数: | 270页 | |
| 开本: | 26cm | |
| 丛书名: | ||
| 单 册: | ||
| 中图分类: | TM8 | |
| 科图分类: | ||
| 主题词: | 高电压--技术--高等教育--教材 | |
| 电子资源: | ||
| ISBN: | 978-7-111-45179-2 | |
| 000 | 00947nam0 2200277 45 | |
| 001 | 012001001022 | |
| 005 | 20211012145913.25 | |
| 010 | @a978-7-111-45179-2@dCNY42.00 | |
| 090 | @aTM8@bwgn | |
| 096 | @aTM8@bwgn | |
| 100 | @a20140522d2014 em y0chiy50 ea | |
| 101 | 0 | @achi |
| 102 | @aCN@b110000 | |
| 105 | @aa z 000yy | |
| 106 | @ar | |
| 200 | 1 | @a高电压技术@Agao dian ya ji shu@f吴广宁主编 |
| 205 | @a2版 | |
| 210 | @a北京@c机械工业出版社@d2020.9 | |
| 215 | @a270页@c图@d26cm | |
| 300 | @a“十二五”普通高等教育本科国家级规划教材 国家精品课程教材 | |
| 330 | @a全书分为3篇,共9章,除了传统高电压技术内容如气体、液体和固体的绝缘特性以及过电压防护与绝缘配合等内容外,还编入了大量的高压试验与绝缘监测方面的内容,并介绍了特高压方面的最新发展。 | |
| 606 | 0 | @a高电压@x技术@x高等教育@j教材 |
| 690 | @aTM8@v5 | |
| 701 | 0 | @a吴广宁@Awu guang ning@f(1969.7~)@4主编 |
| 801 | 0 | @aCN@bBJSDL@c20211011 |
| 905 | @b1332735-8@dTM8@e42=2@f4 | |
| 高电压技术/吴广宁主编.-2版.-北京:机械工业出版社,2020.9 |
| 270页:图;26cm |
| “十二五”普通高等教育本科国家级规划教材 国家精品课程教材 |
| ISBN 978-7-111-45179-2:CNY42.00 |
| 全书分为3篇,共9章,除了传统高电压技术内容如气体、液体和固体的绝缘特性以及过电压防护与绝缘配合等内容外,还编入了大量的高压试验与绝缘监测方面的内容,并介绍了特高压方面的最新发展。 |
| ● |
| 相关链接 |
|
|
|
|
正题名:高电压技术
索取号:TM8/42=2
 
预约/预借
| 序号 | 登录号 | 条形码 | 馆藏地/架位号 | 状态 | 备注 |
| 1 | 1332735 | 213327354 | 第二样本阅览室/ [索取号:TM8/42=2] | 在馆 | |
| 2 | 1332736 | 213327363 | 第三借阅区/ [索取号:TM8/42=2] | 在馆 | |
| 3 | 1332737 | 213327372 | 第三借阅区/ [索取号:TM8/42=2] | 在馆 | |
| 4 | 1332738 | 213327381 | 第三借阅区/ [索取号:TM8/42=2] | 在馆 |